| 000 | 00622nam a2200217Ia 4500 | ||
|---|---|---|---|
| 001 | 18724 | ||
| 003 | AR-BaAGN | ||
| 005 | 20231116145232.0 | ||
| 007 | ta | ||
| 008 | 211213s1949 ag |||||||||||||| ||spa d | ||
| 040 |
_aAR-BaAGN _bspa _eaacr |
||
| 110 | _aConvención Constituyente de la Provincia de Corrientes | ||
| 245 | 1 | 0 | _aConvención Constituyente de la Provincia de Corrientes. Diario de sesiones año 1949 |
| 260 |
_aCorrientes : _bImp. del Estado, _c1949. |
||
| 300 | _a228 páginas | ||
| 336 |
_2rdacontent _btxt |
||
| 337 |
_2rdamedia _bn |
||
| 338 |
_2rdacarrier _bnc |
||
| 942 | _cLIBRO | ||
| 999 |
_c18724 _d18724 |
||